Archivmaterialien zu Karlheinz Rebel, 1923-2017

Gespeichert in:  
Bibliographische Detailangaben
1. VerfasserIn: Rebel, Karlheinz 1923-2017 (Verfasst von)
Medienart: Elektronisch Archivmaterial
Sprache:Deutsch
In:Jahr: 2019
Online-Zugang: Archivdatenbank (Archivportal-D)
Archivdatenbank (Kalliope Verbundkatalog)
Verfügbarkeit prüfen: HBZ Gateway

MARC

LEADER 00000npc a22000002 4500
001 LR140424121
003 PipeLineGenerated
005 20260508112529.0
008 190606s2019 xx ||||| 00| ||ger c
100 |a Rebel, Karlheinz  |0 (DE-588)140424121  |0 (DE-627)618384944  |d 1923-2017 
245 |a Archivmaterialien zu Karlheinz Rebel, 1923-2017 
856 |u https://kalliope-verbund.info/gnd/140424121  |3 Archivdatenbank (Kalliope Verbundkatalog) 
856 |u https://www.archivportal-d.de/person/gnd/140424121  |3 Archivdatenbank (Archivportal-D) 
ELC |a 1